<?xml version="1.0" encoding="UTF-8"?><?xml-stylesheet type="text/xsl" href="static/style.xsl"?><OAI-PMH xmlns="http://www.openarchives.org/OAI/2.0/" xmlns:xsi="http://www.w3.org/2001/XMLSchema-instance" xsi:schemaLocation="http://www.openarchives.org/OAI/2.0/ http://www.openarchives.org/OAI/2.0/OAI-PMH.xsd"><responseDate>2026-04-13T01:25:35Z</responseDate><request verb="GetRecord" identifier="oai:www.recercat.cat:10230/72896" metadataPrefix="marc">https://recercat.cat/oai/request</request><GetRecord><record><header><identifier>oai:recercat.cat:10230/72896</identifier><datestamp>2026-03-26T20:17:41Z</datestamp><setSpec>com_2072_6</setSpec><setSpec>col_2072_452952</setSpec></header><metadata><record xmlns="http://www.loc.gov/MARC21/slim" xmlns:dcterms="http://purl.org/dc/terms/" xmlns:xsi="http://www.w3.org/2001/XMLSchema-instance" xmlns:doc="http://www.lyncode.com/xoai" xsi:schemaLocation="http://www.loc.gov/MARC21/slim http://www.loc.gov/standards/marcxml/schema/MARC21slim.xsd">
   <leader>00925njm 22002777a 4500</leader>
   <datafield ind2=" " ind1=" " tag="042">
      <subfield code="a">dc</subfield>
   </datafield>
   <datafield ind2=" " ind1=" " tag="720">
      <subfield code="a">Domènech, Eugeni</subfield>
      <subfield code="e">author</subfield>
   </datafield>
   <datafield ind2=" " ind1=" " tag="720">
      <subfield code="a">Márquez-Mosquera, Lucía</subfield>
      <subfield code="e">author</subfield>
   </datafield>
   <datafield ind2=" " ind1=" " tag="720">
      <subfield code="a">Montoro Huguet, Miguel</subfield>
      <subfield code="e">author</subfield>
   </datafield>
   <datafield ind2=" " ind1=" " tag="720">
      <subfield code="a">ENEIDA Project of GETECCU</subfield>
      <subfield code="e">author</subfield>
   </datafield>
   <datafield ind2=" " ind1=" " tag="260">
      <subfield code="c">2026-03-25T08:30:48Z</subfield>
   </datafield>
   <datafield ind2=" " ind1=" " tag="260">
      <subfield code="c">2026-03-25T08:30:48Z</subfield>
   </datafield>
   <datafield ind2=" " ind1=" " tag="260">
      <subfield code="c">2025</subfield>
   </datafield>
   <datafield ind2=" " ind1=" " tag="260">
      <subfield code="c">2026-03-25T08:30:48Z</subfield>
   </datafield>
   <datafield ind2=" " ind1=" " tag="520">
      <subfield code="a">Purpose: Golimumab (GLM), an anti-tumour necrosis factor alpha (anti-TNFa) agent, is indicated for moderate to severe ulcerative colitis (UC). This post-authorisation safety study evaluated the risk of colectomy due to intractable disease and advanced colonic neoplasia (high-grade dysplasia and/or colorectal cancer) under real-world conditions of GLM use. Methods: This bidirectional cohort study using Spanish ENEIDA registry data (2013-2022) included adults with UC who initiated GLM, other anti-TNFa agents, or thiopurines (TPs). Crude risk analyses-and, when feasible, multivariable models-in cohort and nested case-control designs were performed. For colectomy, we evaluated exposure to GLM only, other anti-TNFa agents, and both (i.e., overlapping exposure). For ACN, we evaluated exposure to GLM, other anti-TNFa agents, and TPs. Results: Sixty-four colectomy cases and 10 ACN cases were identified among patients exposed to GLM (N = 474), other anti-TNFa agents (N = 1737), or TPs (N = 1380). Incidence rates per 1000 person-years and 95% confidence intervals were reported for colectomy (GLM-only [4.4, 1.2-11.2] and other anti-TNFa agents only [12.4, 9.1-16.5]) and ACN (GLM [1.5, 0.2-5.4], other anti-TNFa agents [1.3, 0.5-2.8], and TPs [1.0, 0.3-2.6]). In comparisons excluding overlapping exposure, GLM was not associated with an increased risk of colectomy versus other anti-TNFa agents. GLM was also not associated with an increased risk of ACN versus either comparator. Observed events, especially for ACN, were limited for all exposures. Conclusions: Findings do not indicate an increased risk of colectomy due to intractable disease or ACN with GLM use versus other therapies for similar disease severity in routine UC care (EUPAS15752).</subfield>
   </datafield>
   <datafield ind1="8" ind2=" " tag="024">
      <subfield code="a">https://hdl.handle.net/10230/72896</subfield>
   </datafield>
   <datafield tag="653" ind2=" " ind1=" ">
      <subfield code="a">Biologics</subfield>
   </datafield>
   <datafield tag="653" ind2=" " ind1=" ">
      <subfield code="a">Colectomy</subfield>
   </datafield>
   <datafield tag="653" ind2=" " ind1=" ">
      <subfield code="a">Colorectal cancer</subfield>
   </datafield>
   <datafield tag="653" ind2=" " ind1=" ">
      <subfield code="a">Epidemiology</subfield>
   </datafield>
   <datafield tag="653" ind2=" " ind1=" ">
      <subfield code="a">Inflammatory bowel disease (IBD)</subfield>
   </datafield>
   <datafield tag="653" ind2=" " ind1=" ">
      <subfield code="a">Ulcerative colitis</subfield>
   </datafield>
   <datafield ind2="0" ind1="0" tag="245">
      <subfield code="a">Colectomy and neoplasia outcomes of patients with ulcerative colitis receiving golimumab: A post-authorisation safety study using the spanish ENEIDA registry</subfield>
   </datafield>
</record></metadata></record></GetRecord></OAI-PMH>